Nawabshah District / (Record no. 329804)

000 -LEADER
fixed length control field 01120cam a22003014a 4500
001 - CONTROL NUMBER
control field 14306123
003 - CONTROL NUMBER IDENTIFIER
control field NUST
005 - DATE AND TIME OF LATEST TRANSACTION
control field 20170523121209.0
008 - FIXED-LENGTH DATA ELEMENTS--GENERAL INFORMATION
fixed length control field 060319r20051920pk bf 001 0 eng
010 ## - LIBRARY OF CONGRESS CONTROL NUMBER
LC control number 2005306015
020 ## - INTERNATIONAL STANDARD BOOK NUMBER
International Standard Book Number 969351744X
025 ## - OVERSEAS ACQUISITION NUMBER
Overseas acquisition number P-E-2005306015 ; 25
040 ## - CATALOGING SOURCE
Original cataloging agency DLC
Transcribing agency DLC
042 ## - AUTHENTICATION CODE
Authentication code lcode
043 ## - GEOGRAPHIC AREA CODE
Geographic area code a-pk---
050 00 - LIBRARY OF CONGRESS CALL NUMBER
Classification number DS392.N38
Item number N39 2005
082 ## - DEWEY DECIMAL CLASSIFICATION NUMBER
Classification number 954.918 GAZ
245 00 - TITLE STATEMENT
Title Nawabshah District /
Statement of responsibility, etc. compiled by J.W. Smyth.
260 ## - PUBLICATION, DISTRIBUTION, ETC.
Place of publication, distribution, etc. Lahore :
Name of publisher, distributor, etc. Sang-e Meel Publications,
Date of publication, distribution, etc. 2005.
300 ## - PHYSICAL DESCRIPTION
Extent 2, 78 p., [1] leaf of plates :
Other physical details col. map ;
Dimensions 25 cm.
490 0# - SERIES STATEMENT
Series statement Gazetteer of the Province of Sind
500 ## - GENERAL NOTE
General note Reprint. Originally published: Bombay : Govt. Central Press, 1920. (Gazetteer of the Province of Sind ; v. 5).
500 ## - GENERAL NOTE
General note Includes index.
651 #0 - SUBJECT ADDED ENTRY--GEOGRAPHIC NAME
Geographic name Nawābshāh (Pakistan : District)
9 (RLIN) 1306
700 1# - ADDED ENTRY--PERSONAL NAME
Personal name Smyth, J. W.
9 (RLIN) 1303
906 ## - LOCAL DATA ELEMENT F, LDF (RLIN)
a 7
b cbc
c origode
d 3
e ncip
f 20
g y-gencatlg
942 ## - ADDED ENTRY ELEMENTS (KOHA)
Source of classification or shelving scheme
Koha item type Book
Holdings
Withdrawn status Lost status Source of classification or shelving scheme Damaged status Not for loan Permanent Location Current Location Date acquired Total Checkouts Full call number Barcode Date last seen Price effective from Koha item type
          School of Civil and Environmental Engineering (SCEE) School of Civil and Environmental Engineering (SCEE) 05/23/2017   954.918 GAZ NIT-8691 05/23/2017 05/23/2017 Book
© 2023 Central Library, National University of Sciences and Technology. All Rights Reserved.